Sabrina Carpenter SC3 Song Antonym Quiz - Statistics

General Stats
  • This quiz has been taken 100 times
  • The average score is 6 of 8
Answer Stats
Question Answer % Correct
Germany Paris
92%
Pay You Sue Me
86%
Fully Hate Almost Love
80%
Rocks are Non-Existant Diamonds Are Forever
74%
Defect Prfct
69%
Good Inactivity Bad Time
67%
Let Loose Hold Tight
65%
Starry Night Mona Lisa
62%
No matching quizzes found
Score Distribution
Percent of People with Each Score
Percentile by Number Answered
Your Score History
You have not taken this quiz